Islam, Islamisation and women in Africa:a general introductory bibliography=Islam et Islamisation des femmes en Afrique: bibliographie générale preliminaire (Record no. 825)

MARC details
000 -LEADER
fixed length control field 007450000a22002170004500
003 - CONTROL NUMBER IDENTIFIER
control field LK-CoMWRAF
005 - DATE AND TIME OF LATEST TRANSACTION
control field 20240229114635.0
008 - FIXED-LENGTH DATA ELEMENTS--GENERAL INFORMATION
fixed length control field 230817t1994 ||||| |||| 00| 0 eng d
040 ## - CATALOGING SOURCE
Original cataloging agency LK-CoMWRAF
Modifying agency LK-CoMWRAF
Description conventions LK-CoMWRAF
041 ## - LANGUAGE CODE
Language code of text/sound track or separate title English
041 ## - LANGUAGE CODE
Language code of text/sound track or separate title French
082 ## - DEWEY DECIMAL CLASSIFICATION NUMBER
Classification number 016.3054
Item number WOM
942 ## - ADDED ENTRY ELEMENTS (KOHA)
Koha item type Books
110 ## - MAIN ENTRY--CORPORATE NAME
Corporate name or jurisdiction name as entry element Women living under Muslim laws
245 ## - TITLE STATEMENT
Title Islam, Islamisation and women in Africa:a general introductory bibliography=Islam et Islamisation des femmes en Afrique: bibliographie générale preliminaire
260 ## - PUBLICATION, DISTRIBUTION, ETC. (IMPRINT)
Place of publication, distribution, etc. Grables:
Name of publisher, distributor, etc. Women living under Muslim laws,
Date of publication, distribution, etc. 1994
300 ## - PHYSICAL DESCRIPTION
Extent 23 p.
490 ## - SERIES STATEMENT
Series statement Women & Islam in Africa series
Volume/sequential designation No.1
650 ## - SUBJECT ADDED ENTRY--TOPICAL TERM
Topical term or geographic name as entry element WOMEN- Islam-Africa
650 ## - SUBJECT ADDED ENTRY--TOPICAL TERM
Topical term or geographic name as entry element Muslim women-Africa-Bibliographies
Holdings
Withdrawn status Lost status Damaged status Not for loan Permanent Location Current Location Date acquired Full call number Barcode Koha item type
        Resource center, Muslim Women's Research And Action Forum Resource center, Muslim Women's Research And Action Forum 2023-08-17 016.3054 WOM RAF3728 Reference
        Resource center, Muslim Women's Research And Action Forum Resource center, Muslim Women's Research And Action Forum 2024-02-27 016.3054 WOM RAF5119 Reference
        Resource center, Muslim Women's Research And Action Forum Resource center, Muslim Women's Research And Action Forum 2024-02-29 016.3054 WOM RAF5145 Reference

Copyright © 2023 Muslim Women's Research and Action Forum (MWRAF), No 27/3, Anderson Road, Kalubowila, Dehiwela. Funded by The Asia Fundation